| 000 | 00563nam a22002177a 4500 | ||
|---|---|---|---|
| 999 |
_c7023 _d7023 |
||
| 001 | 7023 | ||
| 003 | BD-JhCC | ||
| 005 | 20180417181514.0 | ||
| 008 | 180204b xxu||||| |||| 00| 0 eng d | ||
| 035 | _a(BD-JhCC)7023 | ||
| 040 |
_aBD-JhCC _dBD-JhCC |
||
| 041 | _aeng | ||
| 082 |
_a428.1 _bSPE 1985 |
||
| 245 |
_aSpelling : Words and Skills / _cLinda Ward Beech...[et. all.]. |
||
| 260 |
_aScott : _bForesman and Company, _c1985. |
||
| 300 |
_a192 p. : _bills; _c26 cm. |
||
| 650 | _aLearning English | ||
| 650 | _aSpelling | ||
| 942 |
_2ddc _cBK |
||